000 00707nam a22002297a 4500
999 _c43056
_d43056
001 14146
003 CO-MdFUSB
005 20171117101136.0
008 171117t2006 sp ||||| |||| 00| 0 spa d
020 _a84-301-1607-9
040 _aCO-MdFUSB
_bspa
_cCO-MdFUSB
_dCO-MdFUSBC
_erda
041 0 _aspa
082 0 4 _aG 225.93 R3231j
100 1 _aReed, Jonathan L.
_eautor
245 1 3 _aEl Jesús de Galilea
_b: Aportaciones desde la arqueología
_c/ Jonathan L. Reed ; Jesús Valiente Malla, Traductor
264 4 _aSalamanca :
_bSígueme,
_c©2006
300 _a319 Pág.
336 _2rdacontent
_atexto
_btxt
337 _2rdamedia
_asin mediación
_bn
338 _2rdacarrier
_avolumen
_bnc
942 _cBK